00307cam a2200133ua 4500041001000000082001900010100001700029245005600046260002900102300001100131504000500142942000700147999001900154 aengh a828.09bMUL/ST aMullik, B.R. aStudies in Poets / cB R Mullik.hTextual Documents a : bColeridge , c1963. a59 ; . a cBK c330975d330975